Phong thái người thành đạt : quy tắc ứng xử để thành công trong kinh doanh và cuộc sống

Na minha lista:
Detalhes bibliográficos
Autor principal: Tsilrenilkova, Anna
Formato: Livro
Idioma:Undetermined
Publicado em: Tp. Hồ Chí Minh Trẻ 2013
Assuntos:
Tags: Adicionar Tag
Sem tags, seja o primeiro a adicionar uma tag!
Thư viện lưu trữ: Trung tâm Học liệu Trường Đại học Cần Thơ
LEADER 00662nam a2200193Ia 4500
001 CTU_188532
008 210402s9999 xx 000 0 und d
020 |c 250000 
082 |a 646.7 
082 |b T882 
100 |a Tsilrenilkova, Anna 
245 0 |a Phong thái người thành đạt : 
245 0 |b quy tắc ứng xử để thành công trong kinh doanh và cuộc sống 
245 0 |c Anna Tsilrenilkova, Nguyễn Thu An ... [et al.] chủ biên 
260 |a Tp. Hồ Chí Minh 
260 |b Trẻ 
260 |c 2013 
650 |a Life skills,Kỹ năng sống 
980 |a Trung tâm Học liệu Trường Đại học Cần Thơ